| 000 | 01810nam a22001697a 4500 | ||
|---|---|---|---|
| 005 | 20251222125426.0 | ||
| 082 | _a823 CHR | ||
| 100 |
_aAgatha Christie _9335 |
||
| 245 | _aAnd Then There Were None | ||
| 250 | _a1 | ||
| 260 |
_aHarper Collins _bHaryana _c2015 |
||
| 300 |
_a256 pages _bItem Weight : 294 g Dimensions : 12.9 x 1.63 x 19.8 cm |
||
| 520 | _aThe book that topped the international online poll held in Agatha Christies 125th birthday year to discover which of her 80 crime books was the worlds favourite. 1939. Europe teeters on the brink of war. Ten strangers are invited to Soldier Island, an isolated rock near the Devon coast. Cut off from the mainland, with their generous hosts Mr and Mrs U.N. Owen mysteriously absent, they are each accused of a terrible crime. When one of the party dies suddenly they realise they may be harbouring a murderer among their number. The 10 strangers include a reckless playboy, a troubled Harley Street doctor, a formidable judge, an uncouth detective, an unscrupulous mercenary, a God-fearing spinster, two restless servants, a highly decorated general and an anxious secretary. One by one they are picked off. Who will survive? And who is the killer? Copies of an ominous nursery rhyme hang in each room, the murders mimicking the awful fates of its Ten Little Soldier Boys. The clear winner in an international online poll held to discover the worlds favourite Agatha Christie book, this new paperback also coincides with a new 3-part BBC TV adaptation featuring a stellar ensemble cast: Douglas Booth, Charles Dance, Maeve Dermody, Burn Gorman, Anna Maxwell Martin, Sam Neill, Miranda Richardson, Toby Stephens, Noah Taylor and Aidan Turner. | ||
| 546 | _aLanguage : English | ||
| 650 |
_aGEN _92 |
||
| 942 | _cBK | ||
| 999 |
_c38129 _d38129 |
||